| 000 | 00926cam a2200229 4500500 | ||
|---|---|---|---|
| 005 | 20260329022022.0 | ||
| 041 | _afre | ||
| 042 | _adc | ||
| 100 | 1 | 0 |
_aBretelle, Fanny _eauthor |
| 700 | 1 | 0 |
_aCouderc, Anne-Laure _eauthor |
| 700 | 1 | 0 |
_aArcani, Robin _eauthor |
| 700 | 1 | 0 |
_aGarnier-Crussard, Antoine _eauthor |
| 700 | 1 | 0 |
_aBernard, Fanny _eauthor |
| 700 | 1 | 0 |
_aDaumas, Aurelie _eauthor |
| 700 | 1 | 0 |
_aVillani, Patrick _eauthor |
| 700 | 1 | 0 |
_aBonin-Guillaume, Sylvie _eauthor |
| 245 | 0 | 0 | _aGeriattract : attractivité de la spécialité gériatrie auprès des étudiants en médecine - Une enquête prospective |
| 260 | _c2025. | ||
| 500 | _a7 | ||
| 786 | 0 | _nGériatrie et Psychologie Neuropsychiatrie du Vieillissement | 23 | 1 | 2025-04-15 | p. 50-65 | 2115-8789 | |
| 856 | 4 | 1 | _uhttps://stm.cairn.info/revue-geriatrie-et-psychologie-neuropsychiatrie-du-vieillissement-2025-1-page-50?lang=fr&redirect-ssocas=7080 |
| 999 |
_c1917012 _d1917012 |
||